Non-sequential consumer search and the con-sequences of a deregulation of trading hours.
Dôsledky liberalizácie času predaja, kde spotrebitelia zisťujú ceny tovaru nesystematickým hľadaním. Bez ohľadu na obmedzenie doby vyhľadávania tovaru jestvuje rovnovážne rozdelenie ceny. Okrem toho je liberalizácia neefektívna, alebo vedie k zníženiu cien a väčšiemu podielu na trhu u efektívnejších...
Gespeichert in:
| 1. Verfasser: | |
|---|---|
| Format: | Buchkapitel |
| Sprache: | Englisch |
| Schlagworte: | |
| Tags: |
Keine Tags, Fügen Sie das erste Tag hinzu!
|
MARC
| LEADER | 00000naa a2200000 4500 | ||
|---|---|---|---|
| 001 | r003202 | ||
| 005 | 20220819194346.4 | ||
| 041 | 0 | |a eng | |
| 044 | |a NL | ||
| 245 | 1 | 0 | |a Non-sequential consumer search and the con-sequences of a deregulation of trading hours. |c G. Clemenz |
| 520 | |a Dôsledky liberalizácie času predaja, kde spotrebitelia zisťujú ceny tovaru nesystematickým hľadaním. Bez ohľadu na obmedzenie doby vyhľadávania tovaru jestvuje rovnovážne rozdelenie ceny. Okrem toho je liberalizácia neefektívna, alebo vedie k zníženiu cien a väčšiemu podielu na trhu u efektívnejších firiem. | ||
| 610 | 2 | 0 | |a predaj |
| 610 | 2 | 0 | |a čas |
| 610 | 2 | 0 | |a tovar |
| 610 | 2 | 0 | |a zákazníci |
| 610 | 2 | 0 | |a ceny |
| 610 | 2 | 0 | |a trh |
| 610 | 2 | 0 | |a firmy |
| 100 | 1 | |a Clemenz, G. | |